000 00523nam a2200157 i 4500
001 65932
003 ES-MaACL
005 20230906165516.0
007 t|
008 040123s1965 sp ||||1| spa d
100 1 _aFuster Pellicer, Fernando.
_953089
245 1 3 _aLa parroquia- esa desconocida
_b: organización de sus servicios en favor de los feligreses /
_cpor Fernando Fuster Pellicer.
260 _aZaragoza :
_b[s.n.],
_c1965.
300 _a162 p., 7 lám. :
_bil. ;
_c17 cm.
852 _aES-MaACL
_jC-27250
_bR.56493
999 _c65932
_d65932